Urban Manor Ltd v Sadiq (Record no. 50113)
[ view plain ]
| 000 -LEADER | |
|---|---|
| fixed length control field | 01395cab a2200241 4500 |
| 001 - CONTROL NUMBER | |
| control field | ABS57385 |
| 008 - FIXED-LENGTH DATA ELEMENTS--GENERAL INFORMATION | |
| fixed length control field | 090401t1997 xxu||||| |||| 00| 0 eng d |
| 035 ## - SYSTEM CONTROL NUMBER | |
| System control number | (Sirsi) u79671 |
| 041 ## - LANGUAGE CODE | |
| Language code of text/sound track or separate title | eng |
| 245 ## - TITLE STATEMENT | |
| Title | Urban Manor Ltd v Sadiq |
| 260 ## - PUBLICATION, DISTRIBUTION, ETC. | |
| Date of publication, distribution, etc. | 1997 |
| 350 ## - PRICE (NR) (BK AM CF MU VM SE) [OBSOLETE] | |
| Price | 0 |
| 490 ## - SERIES STATEMENT | |
| Series statement | Weekly Law Reports |
| Volume/sequential designation | [1997] 1 WLR 1016-1024(9) |
| 520 ## - SUMMARY, ETC. | |
| Summary, etc. | CA 20 February 1997. Purchaser S and vendor U entered into a contract for the sale of registered land. At the time U was not the registered proprietor but was entitled to purchase the land. U later notified S of its subsequent purchase, sent answers to his requisitions and returned the draft transfer, giving notice to complete. Two days before the agreed competion date S rejected the notice on grounds that he had not received copy entries that U was the registered proprietor of the land. U claimed S had accepted title by the National Conditions of Sale 9(6) and request for copy entries was made too late. S did not complete on the said date and U was granted that S had rescinded the contract and was entitled to forfeit the deposit. S`s appeal dismissed. |
| 650 ## - SUBJECT ADDED ENTRY--TOPICAL TERM | |
| Topical term or geographic name entry element | LAND REGISTRATION ACT 1925 |
| 650 ## - SUBJECT ADDED ENTRY--TOPICAL TERM | |
| Topical term or geographic name entry element | NATIONAL CONDITIONS OF SALE (20TH EDITION) |
| 650 ## - SUBJECT ADDED ENTRY--TOPICAL TERM | |
| Topical term or geographic name entry element | SALE OF LAND |
| 650 ## - SUBJECT ADDED ENTRY--TOPICAL TERM | |
| Topical term or geographic name entry element | TIME LIMITS |
| 650 ## - SUBJECT ADDED ENTRY--TOPICAL TERM | |
| Topical term or geographic name entry element | URBAN MANOR LTD V SADIQ |
| 690 ## - LOCAL SUBJECT ADDED ENTRY--TOPICAL TERM (OCLC, RLIN) | |
| Topical term or geographic name as entry element | PROPERTY LAW AND PRACTICE-CASE LAW |
| 942 ## - ADDED ENTRY ELEMENTS (KOHA) | |
| Suppress in OPAC | 0 |
| 948 ## - LOCAL PROCESSING INFORMATION (OCLC); SERIES PART DESIGNATOR (RLIN) | |
| c (OCLC) | 16/07/1997 |
| Withdrawn status | Lost status | Source of classification or shelving scheme | Damaged status | Not for loan | Home library | Current library | Shelving location | Date acquired | Total Checkouts | Full call number | Barcode | Date last seen | Copy number | Price effective from | Koha item type |
|---|---|---|---|---|---|---|---|---|---|---|---|---|---|---|---|
| Dewey Decimal Classification | London | London | Journal article | 14/09/1999 | ABS57385 | 79671-1001 | 06/08/2019 | 1 | 06/08/2019 | Law report |